Statistics for Every ScHoolboy Q Song on the Billboard Hot 100

Click here to take the quiz!

General Stats

  • This quiz has been taken 40 times
    (24 since last reset)
  • The average score is 6 of 11

Answer Stats

#YearSong% Correct
922013Collard Greens ft. Kendrick Lamar
78%
622014Man Of The Year
67%
552019Numb Numb Juice
67%
852019CHopstix (Travis Scott)
61%
382014Studio ft. BJ The Chicago Kid
61%
402016THat Part ft. Kanye West
61%
672019Floating ft. 21 Savage
39%
492018X (2 Chainz & Saudi)
33%
2420142 On (Tinashe)
28%
802015Electric Body (A$AP Rocky)
28%
152013White Walls (Macklemore & Ryan Lewis) ft. Hollis
28%

Score Distribution

Percentile by Number Answered

Percent of People with Each Score

Your Score History

You have not taken this quiz since the last reset